[Event "European Team Championship 2019"]
[Site "Batumi GEO"]
[Date "2019.10.30"]
[Round "6"]
[White "Kuzubov, Yuriy"]
[Black "Alekseenko, Kirill"]
[Result "1/2-1/2"]
[WhiteElo "2636"]
[BlackElo "2674"]
[PlyCount "60"]
[EventDate "2019.10.24"]
[WhiteTeam "Ukraine"]
[BlackTeam "Russia"]

1. d4 Nf6 2. c4 e6 3. Nf3 d5 4. Nc3 Be7 5. Bf4 O-O 6. e3 c5 7. dxc5 Bxc5 8.
cxd5 Nxd5 9. Nxd5 exd5 10. a3 Nc6 11. Bd3 Bb6 12. O-O Qf6 13. b4 h6 14. b5 Nd4
15. Nxd4 Bxd4 16. Bh7+ Kxh7 17. Qxd4 Qxd4 18. exd4 Bd7 19. Rfb1 Rfc8 20. b6 Rc2
21. bxa7 Rxa7 22. Bb8 Ra8 23. Rxb7 Rxa3 24. Rbb1 Rb2 25. Bf4 Raa2 26. Be3 Bf5
27. Re1 Rxa1 28. Rxa1 Rb1+ 29. Rxb1 Bxb1 30. h3 Bc2 1/2-1/2

[Event "European Team Championship 2019"]
[Site "Batumi GEO"]
[Date "2019.10.30"]
[Round "6"]
[White "Nisipeanu, Liviu-Dieter"]
[Black "Mamedyarov, Shakhriyar"]
[Result "1/2-1/2"]
[WhiteElo "2656"]
[BlackElo "2767"]
[PlyCount "72"]
[EventDate "2019.10.24"]
[WhiteTeam "Germany"]
[BlackTeam "Azerbaijan"]

1. e4 e5 2. Nf3 Nc6 3. Bb5 a6 4. Ba4 Nf6 5. O-O Bc5 6. Bxc6 dxc6 7. d3 Qe7 8.
Nbd2 Bg4 9. Nc4 Nd7 10. h3 Bh5 11. a3 a5 12. g4 Bg6 13. b4 Bb6 14. Bb2 f6 15.
Nh4 O-O 16. Qd2 axb4 17. axb4 Rfd8 18. Kh2 Rxa1 19. Rxa1 c5 20. b5 Nf8 21. f4
exf4 22. Qxf4 Ne6 23. Qg3 Nd4 24. Bxd4 cxd4 25. Nxb6 cxb6 26. Nf3 Qc5 27. Qf2
Qxb5 28. Kg2 h5 29. Re1 Qc5 30. Re2 hxg4 31. hxg4 b5 32. e5 fxe5 33. Rxe5 Qc6
34. Qe2 Bf7 35. Re7 Bd5 36. Qe5 Bxf3+ 1/2-1/2

[Event "European Team Championship 2019"]
[Site "Batumi GEO"]
[Date "2019.10.30"]
[Round "6"]
[White "Lenic, Luka"]
[Black "Aronian, Levon"]
[Result "1/2-1/2"]
[WhiteElo "2644"]
[BlackElo "2758"]
[PlyCount "35"]
[EventDate "2019.10.24"]
[WhiteTeam "Slovenia"]
[BlackTeam "Armenia"]

1. d4 Nf6 2. c4 e6 3. Nf3 d5 4. Nc3 dxc4 5. e4 Bb4 6. Bxc4 Nxe4 7. O-O Nxc3 8.
bxc3 Bd6 9. Ng5 h6 10. Qh5 O-O 11. Ne4 f5 12. Nxd6 cxd6 13. Bxh6 gxh6 14. Qg6+
Kh8 15. Qxh6+ Kg8 16. Qg6+ Kh8 17. Qh6+ Kg8 18. Qg6+ 1/2-1/2

[Event "European Team Championship 2019"]
[Site "Batumi GEO"]
[Date "2019.10.30"]
[Round "6"]
[White "Solak, Dragan"]
[Black "Giri, Anish"]
[Result "1/2-1/2"]
[WhiteElo "2602"]
[BlackElo "2780"]
[PlyCount "128"]
[EventDate "2019.10.24"]
[WhiteTeam "Turkey"]
[BlackTeam "Netherlands"]

1. e4 c5 2. Nf3 d6 3. d4 cxd4 4. Nxd4 Nf6 5. Nc3 a6 6. Bg5 e6 7. f4 Nbd7 8. Qe2
Qc7 9. O-O-O b5 10. a3 Be7 11. g4 h6 12. Bh4 Rb8 13. Be1 b4 14. axb4 Rxb4 15.
Nd5 Nxd5 16. exd5 Ra4 17. dxe6 Nc5 18. exf7+ Kxf7 19. Bc3 Bf6 20. b4 Nb3+ 21.
Nxb3 Qxc3 22. Qc4+ Ke7 23. Qxc3 Bxc3 24. Rd3 Bxb4 25. Rd4 Ba3+ 26. Kd2 Rxd4+
27. Nxd4 Bc5 28. c3 Bb7 29. Rg1 g5 30. Bg2 Bxg2 31. Rxg2 gxf4 32. Ke2 Bxd4 33.
cxd4 a5 34. Kf3 a4 35. Ra2 Ra8 36. Kxf4 Ke6 37. Ke4 a3 38. h4 Ra4 39. g5 h5 40.
Kd3 Kd5 41. Kc3 Rc4+ 42. Kb3 Rxd4 43. Rxa3 Rxh4 44. Ra5+ Ke6 45. g6 d5 46. Ra6+
Ke7 47. Ra5 Kf6 48. Rxd5 Kxg6 49. Kc3 Re4 50. Rd8 h4 51. Kd3 Re7 52. Rh8 Kg5
53. Kd2 Kg4 54. Rg8+ Kf3 55. Rf8+ Kg2 56. Rg8+ Kh2 57. Rg6 Re4 58. Rg8 Kh3 59.
Rg7 Rg4 60. Rxg4 Kxg4 61. Ke2 Kg3 62. Kf1 h3 63. Kg1 h2+ 64. Kh1 Kh3 1/2-1/2

[Event "European Team Championship 2019"]
[Site "Batumi GEO"]
[Date "2019.10.30"]
[Round "6"]
[White "Jobava, Baadur"]
[Black "Navara, David"]
[Result "0-1"]
[WhiteElo "2617"]
[BlackElo "2717"]
[PlyCount "120"]
[EventDate "2019.10.24"]
[WhiteTeam "Georgia"]
[BlackTeam "Czech Republic"]

1. e4 c6 2. d4 d5 3. Nd2 dxe4 4. Nxe4 Bf5 5. Ng3 Bg6 6. Nf3 Nd7 7. h4 h6 8. h5
Bh7 9. Bd3 Bxd3 10. Qxd3 e6 11. Bd2 Ngf6 12. O-O-O Be7 13. Kb1 O-O 14. Qe2 Qb6
15. Ne5 Rfd8 16. Nc4 Qb5 17. Na5 Qb6 18. Qf3 Qxd4 19. Nxb7 Rdb8 20. Bc3 Qb6 21.
Nd6 Bxd6 22. Rxd6 Qc5 23. Rxc6 Qb5 24. Ne4 Nd5 25. Nd6 Nxc3+ 26. Qxc3 Qd5 27.
Qf3 Qd4 28. c3 Qd2 29. Nc4 Rxb2+ 30. Nxb2 Ne5 31. Qd1 Qxd1+ 32. Rxd1 Nxc6 33.
Rd7 Ne5 34. Rb7 Ng4 35. Nd3 Nf6 36. Kc2 Nxh5 37. c4 Nf6 38. c5 Rc8 39. Kb3 Ne4
40. Kb4 Rd8 41. f3 Rd4+ 42. Ka5 Nc3 43. Nb4 Rc4 44. Rb8+ Kh7 45. Rc8 e5 46. c6
f5 47. a3 e4 48. Re8 exf3 49. gxf3 h5 50. Ka6 h4 51. Re5 g6 52. Kb7 h3 53. Nd3
h2 54. Nf2 Na4 55. c7 Nc5+ 56. Kxa7 Ne6 57. Kb6 Rxc7 58. Re1 Rc2 59. Nh3 Rb2+
60. Ka5 g5 0-1

[Event "European Team Championship 2019"]
[Site "Batumi GEO"]
[Date "2019.10.30"]
[Round "6"]
[White "Duda, Jan-Krzysztof"]
[Black "Anton Guijarro, David"]
[Result "1/2-1/2"]
[WhiteElo "2734"]
[BlackElo "2674"]
[PlyCount "64"]
[EventDate "2019.10.24"]
[WhiteTeam "Poland"]
[BlackTeam "Spain"]

1. Nf3 d5 2. c4 d4 3. b4 c5 4. g3 cxb4 5. a3 bxa3 6. Bg2 Nc6 7. Bxa3 e5 8. Bxf8
Kxf8 9. d3 g6 10. O-O Kg7 11. Na3 Nf6 12. Qb3 Rb8 13. Rfb1 Bg4 14. Nc2 Re8 15.
h3 Bxf3 16. Bxf3 e4 17. dxe4 Nxe4 18. Qd3 Nc5 19. Qd1 d3 20. exd3 Qxd3 21. Qxd3
Nxd3 22. Rxb7 Nce5 23. Bd5 Rxb7 24. Bxb7 Nxc4 25. Ba6 Ncb2 26. Bxd3 Nxd3 27.
Rxa7 Re2 28. Nd4 Rxf2 29. Ne6+ Kf6 30. Nd8 Kg7 31. Ne6+ Kf6 32. Nd8 Kg7 1/2-1/2

[Event "European Team Championship 2019"]
[Site "Batumi GEO"]
[Date "2019.10.30"]
[Round "6"]
[White "Vallejo Pons, Francisco"]
[Black "Wojtaszek, Radoslaw"]
[Result "1/2-1/2"]
[WhiteElo "2694"]
[BlackElo "2748"]
[PlyCount "70"]
[EventDate "2019.10.24"]
[WhiteTeam "Spain"]
[BlackTeam "Poland"]

1. d4 Nf6 2. c4 e6 3. Nf3 d5 4. Nc3 Bb4 5. Qb3 c5 6. dxc5 Na6 7. a3 Bxc3+ 8.
Qxc3 Nxc5 9. cxd5 Qxd5 10. Be3 Nce4 11. Qe5 Qxe5 12. Nxe5 Nd5 13. Bc1 Bd7 14.
f3 Nc5 15. e4 Nb3 16. Rb1 Nb6 17. Be3 Rc8 18. g4 Ba4 19. g5 Ke7 20. Rg1 Rhd8
21. Rg2 Nd4 22. Kf2 Rc2+ 23. Kg1 Rc5 24. f4 Rcc8 25. Rd2 Nb3 26. Rxd8 Rxd8 27.
Re1 f6 28. gxf6+ gxf6 29. Nd3 Nc4 30. Kf2 Ncd2 31. Nc5 Nxf1 32. Rxf1 Nxc5 33.
Bxc5+ Kf7 34. Re1 Rd2+ 35. Re2 Rxe2+ 1/2-1/2

[Event "European Team Championship 2019"]
[Site "Batumi GEO"]
[Date "2019.10.31"]
[Round "7"]
[White "Nisipeanu, Liviu-Dieter"]
[Black "Vitiugov, Nikita"]
[Result "1-0"]
[WhiteElo "2656"]
[BlackElo "2732"]
[PlyCount "105"]
[EventDate "2019.10.24"]
[WhiteTeam "Germany"]
[BlackTeam "Russia"]

1. e4 e5 2. Nf3 Nc6 3. Bb5 a6 4. Ba4 Nf6 5. O-O Be7 6. Re1 b5 7. Bb3 d6 8. c3
O-O 9. d4 Bg4 10. Be3 exd4 11. cxd4 Na5 12. Bc2 Nc4 13. Bc1 c5 14. b3 Nb6 15.
Nbd2 Rc8 16. h3 Bh5 17. a4 bxa4 18. d5 Bxf3 19. Nxf3 axb3 20. Bxb3 Ra8 21. e5
Nfd7 22. e6 fxe6 23. dxe6 Nf6 24. Ng5 d5 25. Nf7 Qc7 26. Bc2 d4 27. Bg5 g6 28.
Qf3 Nh5 29. Bh6 Ng7 30. Rab1 c4 31. Bf4 Qa7 32. Nh6+ Kh8 33. Nf7+ Kg8 34. Be5
d3 35. Nh6+ Kh8 36. Nf7+ Kg8 37. Bxd3 cxd3 38. Nh6+ Kh8 39. Nf7+ Kg8 40. Qxd3
Rac8 41. Bd4 Bc5 42. Nh6+ Kh8 43. Nf7+ Kg8 44. Nh6+ Kh8 45. Bxc5 Rxc5 46. Qd6
Rcc8 47. Rxb6 Rfe8 48. Nf7+ Kg8 49. Nh6+ Kh8 50. e7 Qc7 51. Nf7+ Kg8 52. Qxc7
Rxc7 53. Nd6 1-0

[Event "European Team Championship 2019"]
[Site "Batumi GEO"]
[Date "2019.10.31"]
[Round "7"]
[White "Aronian, Levon"]
[Black "Adams, Michael"]
[Result "1/2-1/2"]
[WhiteElo "2758"]
[BlackElo "2694"]
[PlyCount "64"]
[EventDate "2019.10.24"]
[WhiteTeam "Armenia"]
[BlackTeam "England"]

1. e4 e5 2. Nf3 Nc6 3. Bc4 Bc5 4. c3 Nf6 5. d4 exd4 6. e5 d5 7. Bb5 Ne4 8. cxd4
Bb6 9. Nc3 O-O 10. Be3 Bg4 11. h3 Bh5 12. Qc2 Bg6 13. Qb3 Ne7 14. O-O c6 15.
Bd3 Nf5 16. Qc2 Nxe3 17. fxe3 Ng3 18. Bxg6 hxg6 19. Rf2 f5 20. Ne2 Ne4 21. Rff1
g5 22. Nd2 Qd7 23. a4 Ba5 24. Nc3 Rae8 25. Ndxe4 fxe4 26. Qe2 Qe6 27. Qh5 Bd8
28. a5 Rxf1+ 29. Rxf1 Bxa5 30. Qxg5 Bxc3 31. bxc3 a5 32. Ra1 Ra8 1/2-1/2

[Event "European Team Championship 2019"]
[Site "Batumi GEO"]
[Date "2019.10.31"]
[Round "7"]
[White "Mamedyarov, Shakhriyar"]
[Black "Bogner, Sebastian"]
[Result "1/2-1/2"]
[WhiteElo "2767"]
[BlackElo "2571"]
[PlyCount "109"]
[EventDate "2019.10.24"]
[WhiteTeam "Azerbaijan"]
[BlackTeam "Switzerland"]

1. d4 Nf6 2. c4 e6 3. Nc3 Bb4 4. Nf3 c5 5. g3 Nc6 6. Bg2 Ne4 7. Bd2 Nxd2 8.
Qxd2 cxd4 9. Nxd4 a6 10. O-O O-O 11. e3 Qc7 12. Rfd1 Be7 13. Rac1 Ne5 14. b3 d6
15. f4 Ng4 16. h3 Nf6 17. g4 h6 18. Bf3 Re8 19. Kh1 Rb8 20. Rg1 g6 21. Qf2 Kg7
22. Nde2 b6 23. h4 Bb7 24. h5 gxh5 25. gxh5+ Kh8 26. Rg2 Rg8 27. Rcg1 Rxg2 28.
Rxg2 Bxf3 29. Qxf3 Qc5 30. f5 Qxf5 31. Qxf5 exf5 32. Nd4 Bf8 33. Nxf5 Re8 34.
Rf2 Re5 35. Kg2 Ng4 36. Rf4 Rxf5 37. Rxg4 Rxh5 38. Nd5 b5 39. Nf6 Rg5 40. Rxg5
hxg5 41. cxb5 axb5 42. Nd5 f5 43. a4 bxa4 44. bxa4 f4 45. exf4 gxf4 46. Kf3 Bg7
47. Kxf4 Bh6+ 48. Ke4 Bd2 49. Kd3 Be1 50. Nc3 Kg7 51. a5 Kf7 52. a6 Bf2 53. Nb5
Bc5 54. a7 Bxa7 55. Nxd6+ 1/2-1/2

[Event "European Team Championship 2019"]
[Site "Batumi GEO"]
[Date "2019.10.31"]
[Round "7"]
[White "Wojtaszek, Radoslaw"]
[Black "Volodin, Aleksandr"]
[Result "1-0"]
[WhiteElo "2748"]
[BlackElo "2491"]
[PlyCount "77"]
[EventDate "2019.10.24"]
[WhiteTeam "Poland"]
[BlackTeam "Estonia"]

1. d4 d5 2. c4 c6 3. Nf3 Nf6 4. Nc3 e6 5. Bg5 h6 6. Bxf6 Qxf6 7. Qb3 Nd7 8. e4
dxe4 9. Nxe4 Qf4 10. Bd3 Be7 11. O-O O-O 12. c5 e5 13. Rad1 exd4 14. Bb1 Nf6
15. Rxd4 Nxe4 16. Rxe4 Qc7 17. Qd3 g6 18. Qe3 Bd8 19. Qxh6 Bf5 20. Rf4 Bxb1 21.
Rxb1 Re8 22. h4 Re6 23. Rg4 Be7 24. Nd4 Re5 25. Qf4 Rc8 26. b4 Rd5 27. Nf5 Bf8
28. Qf3 Rcd8 29. Ne3 Rh5 30. g3 Bg7 31. Nc4 Rf5 32. Qe2 Rd4 33. Rd1 Rxd1+ 34.
Qxd1 Rd5 35. Qe2 b6 36. Nd6 bxc5 37. Qe8+ Bf8 38. Nxf7 Kg7 39. Ne5 1-0

[Event "European Team Championship 2019"]
[Site "Batumi GEO"]
[Date "2019.10.31"]
[Round "7"]
[White "Grandelius, Nils"]
[Black "Giri, Anish"]
[Result "1/2-1/2"]
[WhiteElo "2691"]
[BlackElo "2780"]
[PlyCount "151"]
[EventDate "2019.10.24"]
[WhiteTeam "Sweden"]
[BlackTeam "Netherlands"]

1. e4 e5 2. Nf3 Nc6 3. Bb5 a6 4. Ba4 Nf6 5. O-O Be7 6. Re1 b5 7. Bb3 O-O 8. a4
Bb7 9. d3 d6 10. Nbd2 Nd7 11. axb5 axb5 12. Rxa8 Qxa8 13. c3 Nc5 14. Bc2 b4 15.
d4 bxc3 16. bxc3 Nd7 17. Nc4 Qa1 18. Bd2 Qxd1 19. Rxd1 Ra8 20. Rb1 Bc8 21. h3
Bf6 22. Be3 h6 23. Bb3 Rb8 24. Bc2 Rxb1+ 25. Bxb1 Ba6 26. dxe5 Ndxe5 27. Ncxe5
Nxe5 28. Nxe5 Bxe5 29. Bd2 g5 30. g3 Kg7 31. f4 gxf4 32. gxf4 Bf6 33. Bc2 Bh4
34. Kg2 Bb7 35. Kf1 Ba6+ 36. Kg2 Bc4 37. Ba4 f5 38. Bc6 fxe4 39. Bxe4 Kf6 40.
Be3 Be1 41. Bd4+ Kf7 42. Kf3 c5 43. Bh8 Bh4 44. Bh7 Bd8 45. Kg3 h5 46. h4 Be2
47. Kf2 Bg4 48. Kg3 Be6 49. f5 Bc4 50. Kh3 Be2 51. Kg3 Bd3 52. Kh3 Bf1+ 53. Kg3
Be2 54. Kf2 Bd3 55. Kg3 Kf8 56. Kh3 Be2 57. Kg3 Kf7 58. Kf2 Bc4 59. Kg3 Bd3 60.
Kh3 Be2 61. Kg3 Bg4 62. c4 Bf6 63. Bg6+ Ke7 64. Bxf6+ Kxf6 65. Kf4 Be2 66. Be8
Bxc4 67. Bxh5 Bd3 68. Bg6 c4 69. h5 c3 70. Ke3 c2 71. Kd2 Kg5 72. f6 Bxg6 73.
hxg6 Kxg6 74. Kxc2 Kxf6 75. Kd3 Ke5 76. Ke3 1/2-1/2

[Event "European Team Championship 2019"]
[Site "Batumi GEO"]
[Date "2019.11.01"]
[Round "8"]
[White "Vitiugov, Nikita"]
[Black "McShane, Luke J"]
[Result "1-0"]
[WhiteElo "2732"]
[BlackElo "2682"]
[PlyCount "77"]
[EventDate "2019.10.24"]
[WhiteTeam "Russia"]
[BlackTeam "England"]

1. d4 Nf6 2. c4 e6 3. Nf3 Bb4+ 4. Bd2 c5 5. Bxb4 cxb4 6. e3 O-O 7. Bd3 d6 8.
O-O b6 9. a3 bxa3 10. Nxa3 Bb7 11. Nb5 a5 12. Ne1 Na6 13. Nc2 Qe7 14. Qe2 d5
15. Nc3 dxc4 16. Bxc4 Rfc8 17. Rfd1 Nb4 18. Na3 Ne4 19. Nxe4 Bxe4 20. Rac1 Qg5
21. f3 Bd5 22. e4 Bc6 23. Qd2 Qxd2 24. Rxd2 Kf8 25. Rc3 Rc7 26. Bf1 Rac8 27.
Nc4 Be8 28. d5 exd5 29. exd5 Rb8 30. d6 Rcb7 31. Ne5 Rd8 32. d7 Bxd7 33. Bb5
Bxb5 34. Rxd8+ Ke7 35. Rd1 f6 36. Re3 g5 37. Nc4+ Kf8 38. Rd8+ Kg7 39. Nd6 1-0

[Event "European Team Championship 2019"]
[Site "Batumi GEO"]
[Date "2019.11.01"]
[Round "8"]
[White "Howell, David W L"]
[Black "Alekseenko, Kirill"]
[Result "1/2-1/2"]
[WhiteElo "2694"]
[BlackElo "2674"]
[PlyCount "60"]
[EventDate "2019.10.24"]
[WhiteTeam "England"]
[BlackTeam "Russia"]

1. Nf3 d5 2. d4 Nf6 3. c4 e6 4. Nc3 Be7 5. g3 O-O 6. Bg2 Nbd7 7. O-O dxc4 8. a4
Nd5 9. Nd2 c5 10. Nxc4 cxd4 11. Qxd4 Nc5 12. Qd1 Bd7 13. Nxd5 exd5 14. Ne5 Be6
15. Be3 Rc8 16. a5 Bf6 17. Bd4 Bf5 18. Nf3 Be4 19. Bxf6 Qxf6 20. Qd4 Qa6 21.
Qd1 Qb5 22. Ra2 Nb3 23. Nd4 Nxd4 24. Qxd4 Qxe2 25. Qxa7 Qc4 26. Ra3 Qb4 27.
Bxe4 dxe4 28. Qe3 Qxb2 29. Rb3 Qe5 30. Rxb7 Qxa5 1/2-1/2

[Event "European Team Championship 2019"]
[Site "Batumi GEO"]
[Date "2019.11.01"]
[Round "8"]
[White "Matlakov, Maxim"]
[Black "Jones, Gawain C B"]
[Result "1/2-1/2"]
[WhiteElo "2716"]
[BlackElo "2688"]
[PlyCount "99"]
[EventDate "2019.10.24"]
[WhiteTeam "Russia"]
[BlackTeam "England"]

1. d4 Nf6 2. c4 g6 3. Nc3 d5 4. cxd5 Nxd5 5. e4 Nxc3 6. bxc3 Bg7 7. Bc4 c5 8.
Ne2 O-O 9. O-O Nd7 10. Bg5 h6 11. Be3 Qc7 12. Rc1 Rd8 13. f4 b5 14. Bxb5 Nf6
15. Bd3 Ng4 16. Qd2 e6 17. h3 Nxe3 18. Qxe3 Bb7 19. e5 Rac8 20. Kh2 Qc6 21. Rf2
Qd5 22. Rb1 Rc7 23. g4 Qxa2 24. f5 cxd4 25. cxd4 Qa3 26. fxe6 fxe6 27. g5 Ba6
28. Rd1 Qb3 29. Rd2 Bxd3 30. Rxd3 Qb5 31. Rc3 Rxc3 32. Nxc3 Qd7 33. gxh6 Bf8
34. Ne4 Qxd4 35. h7+ Kxh7 36. Ng5+ Kh6 37. Nf7+ Kh7 38. Ng5+ Kh6 39. Qg3 Bc5
40. Rg2 Rg8 41. Nxe6 Qb4 42. Qg5+ Kh7 43. Qf6 Be3 44. h4 Qe4 45. Re2 Bg1+ 46.
Kxg1 Qxe2 47. Ng5+ Kh6 48. Nf7+ Kh7 49. Ng5+ Kh6 50. Nf7+ 1/2-1/2

[Event "European Team Championship 2019"]
[Site "Batumi GEO"]
[Date "2019.11.01"]
[Round "8"]
[White "Mamedyarov, Shakhriyar"]
[Black "Aronian, Levon"]
[Result "1/2-1/2"]
[WhiteElo "2767"]
[BlackElo "2758"]
[PlyCount "60"]
[EventDate "2019.10.24"]
[WhiteTeam "Azerbaijan"]
[BlackTeam "Armenia"]

1. d4 Nf6 2. c4 e6 3. Nc3 Bb4 4. Qc2 O-O 5. a3 Bxc3+ 6. Qxc3 d5 7. Nf3 dxc4 8.
Qxc4 b6 9. Bg5 Bb7 10. e3 Nbd7 11. Be2 c5 12. O-O h6 13. Bh4 g5 14. Bg3 Ne4 15.
Rfd1 Nxg3 16. hxg3 Qe7 17. Rac1 Rfd8 18. dxc5 Nxc5 19. Nd4 Qf6 20. Qc3 Rac8 21.
Qe1 a5 22. b4 axb4 23. axb4 Ne4 24. Bf3 Bd5 25. b5 Rxc1 26. Rxc1 Nc5 27. Nc6
Rd7 28. Qe2 Be4 29. Bxe4 Nxe4 30. Nd4 Nc5 1/2-1/2

[Event "European Team Championship 2019"]
[Site "Batumi GEO"]
[Date "2019.11.01"]
[Round "8"]
[White "Duda, Jan-Krzysztof"]
[Black "Lupulescu, Constantin"]
[Result "1/2-1/2"]
[WhiteElo "2734"]
[BlackElo "2643"]
[PlyCount "137"]
[EventDate "2019.10.24"]
[WhiteTeam "Poland"]
[BlackTeam "Romania"]

1. e4 c6 2. d4 d5 3. Nc3 dxe4 4. Nxe4 Nf6 5. Nxf6+ exf6 6. c3 Bd6 7. Bd3 O-O 8.
Qc2 Re8+ 9. Ne2 h5 10. Be3 h4 11. O-O-O Be6 12. c4 Nd7 13. Kb1 Nf8 14. Nc3 Bg4
15. Rde1 Bb4 16. a3 Bxc3 17. Qxc3 Qd7 18. Ka1 b5 19. Rc1 Bf5 20. Bxf5 Qxf5 21.
d5 a5 22. Rhd1 b4 23. Qd3 Qg4 24. g3 cxd5 25. cxd5 bxa3 26. b3 h3 27. Rc4 Qh5
28. Ka2 Ng6 29. Qc2 Ne5 30. Rh4 Rac8 31. Qxc8 Qe2+ 32. Rd2 Qxd2+ 33. Bxd2 Rxc8
34. Bxa5 Rc5 35. Bb6 Rxd5 36. Rxh3 g5 37. Kxa3 Rd3 38. Ka4 Kg7 39. b4 Ng4 40.
b5 Rd2 41. Be3 Rb2 42. Rh5 Nxe3 43. fxe3 Ra2+ 44. Kb4 Rb2+ 45. Kc5 Rc2+ 46. Kd6
Rd2+ 47. Kc6 Rc2+ 48. Kd7 Rb2 49. Kc6 Rc2+ 50. Kb7 Re2 51. b6 Rxe3 52. Ka7 Ra3+
53. Kb8 Rb3 54. b7 Ra3 55. g4 Rb3 56. h4 Kg6 57. Rh8 gxh4 58. Rxh4 Kg5 59. Rh8
Kxg4 60. Kc7 f5 61. b8=Q Rxb8 62. Rxb8 f4 63. Kd6 f3 64. Ke5 f2 65. Rb4+ Kf3
66. Rf4+ Ke2 67. Rxf7 f1=Q 68. Rxf1 Kxf1 69. Ke4 1/2-1/2

[Event "European Team Championship 2019"]
[Site "Batumi GEO"]
[Date "2019.11.01"]
[Round "8"]
[White "Parligras, Mircea-Emilian"]
[Black "Wojtaszek, Radoslaw"]
[Result "1/2-1/2"]
[WhiteElo "2629"]
[BlackElo "2748"]
[PlyCount "68"]
[EventDate "2019.10.24"]
[WhiteTeam "Romania"]
[BlackTeam "Poland"]

1. d4 Nf6 2. c4 e6 3. Nf3 d5 4. Nc3 Bb4 5. Qb3 c5 6. dxc5 Na6 7. a3 Bxc3+ 8.
Qxc3 Nxc5 9. cxd5 Qxd5 10. Be3 Nce4 11. Qe5 Qxe5 12. Nxe5 Nd5 13. Bc1 Bd7 14.
f3 Nc5 15. e4 Nb3 16. Rb1 Nb6 17. Be3 Rc8 18. Nxd7 Kxd7 19. Be2 Ke7 20. O-O
Rhd8 21. Rfd1 Rxd1+ 22. Bxd1 Nc4 23. Bxb3 Nxe3 24. Kf2 Nc4 25. Rc1 b5 26. a4
Rb8 27. axb5 Ne5 28. Rc7+ Kd6 29. Rxa7 Rxb5 30. Ra3 Nd3+ 31. Ke3 Nc5 32. Bc4
Rxb2 33. Be2 Rb3+ 34. Rxb3 Nxb3 1/2-1/2

[Event "European Team Championship 2019"]
[Site "Batumi GEO"]
[Date "2019.11.01"]
[Round "8"]
[White "Navara, David"]
[Black "Bogner, Sebastian"]
[Result "1-0"]
[WhiteElo "2717"]
[BlackElo "2571"]
[PlyCount "59"]
[EventDate "2019.10.24"]
[WhiteTeam "Czech Republic"]
[BlackTeam "Switzerland"]

1. d4 Nf6 2. c4 e6 3. Nc3 Bb4 4. e3 O-O 5. Bd3 d5 6. cxd5 exd5 7. Nge2 Re8 8.
Bd2 Bd6 9. Rc1 a6 10. O-O b6 11. Nf4 Bb7 12. Qf3 c5 13. Nfxd5 Nxd5 14. Bc4
Bxh2+ 15. Kxh2 Qc7+ 16. Qg3 Qxg3+ 17. Kxg3 Nf6 18. dxc5 Re5 19. f3 Rxc5 20. Bb3
Nbd7 21. e4 Rac8 22. Rfd1 R5c7 23. Be3 Nc5 24. Na4 Kf8 25. Nxb6 Nxb3 26. Rxc7
Rxc7 27. axb3 Ke7 28. b4 Ke6 29. Bc5 Bxe4 30. Kf4 1-0

[Event "European Team Championship 2019"]
[Site "Batumi GEO"]
[Date "2019.11.02"]
[Round "9"]
[White "Andreikin, Dmitry"]
[Black "Duda, Jan-Krzysztof"]
[Result "1/2-1/2"]
[WhiteElo "2741"]
[BlackElo "2734"]
[PlyCount "61"]
[EventDate "2019.10.24"]
[WhiteTeam "Russia"]
[BlackTeam "Poland"]

1. d4 Nf6 2. c4 e6 3. Nf3 b6 4. g3 Bb7 5. Bg2 Bb4+ 6. Bd2 Bxd2+ 7. Qxd2 O-O 8.
Nc3 Ne4 9. Qd3 Nxc3 10. Ng5 Ne4 11. Nxe4 Nc6 12. O-O a5 13. Rfd1 d6 14. f4 h6
15. Qc3 Qe7 16. Nf2 e5 17. e3 Rfe8 18. d5 Nb4 19. f5 Bc8 20. g4 Bd7 21. a3 Na6
22. b4 h5 23. h3 hxg4 24. hxg4 g6 25. e4 Kg7 26. Rd3 Qg5 27. Rb1 Rh8 28. Qd2
Qxd2 29. Rxd2 axb4 30. axb4 Nb8 31. Rdd1 1/2-1/2

[Event "European Team Championship 2019"]
[Site "Batumi GEO"]
[Date "2019.11.02"]
[Round "9"]
[White "Wojtaszek, Radoslaw"]
[Black "Vitiugov, Nikita"]
[Result "1/2-1/2"]
[WhiteElo "2748"]
[BlackElo "2732"]
[PlyCount "107"]
[EventDate "2019.10.24"]
[WhiteTeam "Poland"]
[BlackTeam "Russia"]

1. d4 Nf6 2. c4 e6 3. g3 d5 4. Bg2 Be7 5. Nf3 O-O 6. O-O c6 7. Qc2 Nbd7 8. b3
b6 9. Bb2 Bb7 10. Rd1 Rc8 11. Nc3 Qc7 12. Rac1 Rfd8 13. e3 Qb8 14. Qe2 c5 15.
cxd5 Nxd5 16. Nxd5 Bxd5 17. e4 Bb7 18. Rc2 cxd4 19. Nxd4 Nf6 20. Rxc8 Qxc8 21.
a3 Qa8 22. f3 a5 23. Rd2 Bc5 24. Kh1 Rd7 25. Nc2 Ba6 26. Qd1 Qd8 27. Rxd7 Qxd7
28. Qxd7 Nxd7 29. b4 axb4 30. axb4 Bd6 31. Bc3 Bd3 32. Nd4 Nb8 33. f4 Na6 34.
Nc6 Bb5 35. Na7 Bc4 36. b5 Bb8 37. Nc8 Bxb5 38. Nxb6 Ba7 39. Bd4 Nb4 40. Kg1
Bc6 41. Bc5 Nd3 42. Be3 Ne1 43. Bh1 Nc2 44. Bc5 f6 45. Nd7 Bxc5+ 46. Nxc5 Kf7
47. Kf2 Ke7 48. Bg2 Kd6 49. Nb3 e5 50. Nd2 Bb5 51. h4 Nb4 52. Ke3 Nc2+ 53. Kf2
Nb4 54. Ke3 1/2-1/2

[Event "European Team Championship 2019"]
[Site "Batumi GEO"]
[Date "2019.11.02"]
[Round "9"]
[White "Alekseenko, Kirill"]
[Black "Piorun, Kacper"]
[Result "1-0"]
[WhiteElo "2674"]
[BlackElo "2643"]
[PlyCount "95"]
[EventDate "2019.10.24"]
[WhiteTeam "Russia"]
[BlackTeam "Poland"]

1. e4 c5 2. Nf3 Nc6 3. d4 cxd4 4. Nxd4 Nf6 5. Nc3 e5 6. Ndb5 d6 7. Nd5 Nxd5 8.
exd5 Nb8 9. a4 Be7 10. Be2 O-O 11. O-O Nd7 12. Bd2 a6 13. Na3 a5 14. c3 f5 15.
f4 exf4 16. Bxf4 b6 17. Nb5 Nc5 18. Nd4 Bg5 19. Bd3 Bxf4 20. Rxf4 Qe8 21. Qd2
Nxd3 22. Qxd3 Qe5 23. Raf1 Qxd5 24. Nxf5 Qc5+ 25. Nd4 Rxf4 26. Rxf4 Bd7 27. Rf1
Re8 28. Kh1 Qd5 29. Qg3 Bxa4 30. Nf5 g6 31. Nh6+ Kg7 32. Qh4 Re4 33. Ng4 h5 34.
Qf6+ Kh7 35. Qf8 hxg4 36. Rf7+ Qxf7 37. Qxf7+ Kh6 38. Kg1 Kh5 39. Kf2 Bc2 40.
Qd5+ Re5 41. Qxd6 Rb5 42. b4 Bb3 43. Kg3 a4 44. c4 Rf5 45. Qxb6 Kh6 46. Qe3+
Kh7 47. Qe7+ Kh6 48. c5 1-0

[Event "European Team Championship 2019"]
[Site "Batumi GEO"]
[Date "2019.11.02"]
[Round "9"]
[White "Aronian, Levon"]
[Black "Papaioannou, Ioannis"]
[Result "1-0"]
[WhiteElo "2758"]
[BlackElo "2645"]
[PlyCount "99"]
[EventDate "2019.10.24"]
[WhiteTeam "Armenia"]
[BlackTeam "Greece"]

1. Nf3 Nf6 2. c4 e6 3. g3 d5 4. Bg2 dxc4 5. Qa4+ c6 6. Qxc4 b5 7. Qc2 Bb7 8.
O-O Nbd7 9. Nc3 Rc8 10. Rd1 a6 11. a4 Be7 12. d3 O-O 13. e4 a5 14. h3 b4 15.
Nb1 c5 16. Nbd2 Nb8 17. Nb3 Nc6 18. Be3 Nd7 19. Qe2 Ba6 20. Rac1 Qb6 21. Nfd2
Bf6 22. Nc4 Bxc4 23. Rxc4 Nd4 24. Bxd4 Bxd4 25. Kh2 Ne5 26. Rc2 Rcd8 27. f4 Nc6
28. Rdc1 e5 29. f5 Rd6 30. h4 Qd8 31. Nxc5 Bxc5 32. Rxc5 Nd4 33. Qd1 b3 34.
R1c3 Re8 35. Qd2 h6 36. R3c4 Nc2 37. Bf1 Rd4 38. Qf2 Rxd3 39. Bxd3 Qxd3 40. Rc3
Qxe4 41. Rxb3 Nd4 42. Re3 Qg4 43. Rec3 e4 44. Qxd4 Qe2+ 45. Kg1 e3 46. Rc2 Qf3
47. R5c3 Re4 48. Qd8+ Kh7 49. Rg2 Rxa4 50. Rc8 1-0

[Event "European Team Championship 2019"]
[Site "Batumi GEO"]
[Date "2019.11.02"]
[Round "9"]
[White "Lagarde, Maxime"]
[Black "Navara, David"]
[Result "0-1"]
[WhiteElo "2657"]
[BlackElo "2717"]
[PlyCount "66"]
[EventDate "2019.10.24"]
[WhiteTeam "France"]
[BlackTeam "Czech Republic"]

1. e4 c5 2. Nf3 d6 3. d4 cxd4 4. Nxd4 Nf6 5. Nc3 a6 6. h3 e5 7. Nb3 Be6 8. f4
b5 9. f5 Bc8 10. g4 b4 11. Nd5 Nxe4 12. Qf3 Qh4+ 13. Ke2 Ng3+ 14. Kd1 Nxh1 15.
Be3 Ng3 16. Bf2 e4 17. Qe3 Qd8 18. Bxg3 Nc6 19. Qxe4+ Ne5 20. Bg2 Bb7 21. Qxb4
Rb8 22. Qa4+ Qd7 23. Qxd7+ Kxd7 24. Ke2 h5 25. Rd1 Re8 26. Kf2 hxg4 27. Nc5+
dxc5 28. Nf6+ Ke7 29. Bxe5 gxf6 30. Bd6+ Kd7 31. Bxf8+ Kc8 32. Bxb7+ Kxb7 33.
Bxc5 gxh3 0-1